خريدة القصر وجريدة العصر : (Record no. 66557)
[ view plain ]
| 000 -الفاتح | |
|---|---|
| حقل البيانات ثابتة الطول | 01175nam a22002657a 4500 |
| 005 - وقت وتاريخ اخر تعامل مع التسجيلة | |
| رقم الضبط | 20240530110925.0 |
| 008 - عناصر البيانات ثابتة الطول - معلومات عامة | |
| حقل البيانات ثابتة الطول | 220221s2005 ua c g b 000 0 ara d |
| 020 ## - الرقم الدولى المعيارى للكتب | |
| الرقم الدولى المعيارى للكتاب | 9771803697 |
| 040 ## - مصدر الفهرسة | |
| وكالة الفهرسة الأصلية | EG-CaGPL |
| وكالة النسخ | EG-CaGPL |
| 082 04 - رقم تصنيف ديوى العشرى | |
| رقم الطبعة | 21 |
| رقم التصنيف | 811.009962 / |
| رقم المادة | ع خ |
| 100 0# - المدخل الرئيسى - إسم شخصى | |
| الإسم الشخصى | العماد الاصفهانى الكاتب |
| 245 12 - بيان العنوان | |
| العنوان | خريدة القصر وجريدة العصر : |
| بقية العنوان | قسم شعراء مصر / |
| بيان المسئوليه,etc | تاليف العماد الاصفهانى الكاتب ؛ نشره احمد امين ، شوقى ضيف ، احسان عباس |
| رقم الجزء/قسم العمل | ( الجزء الاول - الجزء الثانى ) |
| 260 ## - PUBLICATION, DISTRIBUTION, ETC. (IMPRINT) | |
| تاريخ النشر أو التوزيع | 2005 |
| 300 ## - الوصف المادى | |
| التعداد | 2 جزء ؛ |
| أبعاد الوعاء | 30 سم |
| 490 ## - بيان السلسلة | |
| عنوان السلسلة | مركز تحقيق التراث |
| 650 07 - المدخل الاضافى بالموضوع-مصطلح موضوعى | |
| مصطلح موضوعي | الشعر العربى |
| مصدر الرأس أو المصطلح | qrmak |
| 650 07 - المدخل الاضافى بالموضوع-مصطلح موضوعى | |
| مصطلح موضوعي | شعراء مصر |
| مصدر الرأس أو المصطلح | qrmak |
| 650 07 - المدخل الاضافى بالموضوع-مصطلح موضوعى | |
| مصطلح موضوعي | الاصفهانى |
| مصدر الرأس أو المصطلح | qrmak |
| 650 07 - المدخل الاضافى بالموضوع-مصطلح موضوعى | |
| مصطلح موضوعي | الادب العربى |
| مصدر الرأس أو المصطلح | qrmak |
| 700 ## - المدخل الاضافى - اسم شخصى | |
| الإسم الشخصى | احمد امين |
| الدور | نشره |
| 700 ## - المدخل الاضافى - اسم شخصى | |
| الإسم الشخصى | شوقى ضيف |
| الدور | نشره |
| 700 ## - المدخل الاضافى - اسم شخصى | |
| الإسم الشخصى | احسان عباس |
| الدور | نشره |
| 942 ## - عناصر المدخل الإضافي( كوها) | |
| مصدر التصنيف او مخطط الترفيف | Dewey Decimal Classification |
| Koha [default] item type | كتاب |
| 260 ## - PUBLICATION, DISTRIBUTION, ETC. (IMPRINT) | |
| -- | القاهرة : |
| -- | مطبعة دار الكتب و الوثائق القومية بالقاهرة ، |
| حالة التراجع | حالة الفقد | حالة تلف | ليس للاعارة | المكان المؤقت | الموقع الحالى | موقع الترفيف | تاريخ الاكتساب | اجمالي اﻻعارات | رقم الطلب | الباركود | تاريخ اخر مشاهدة | تاريخ تفعيل السعر | نوع وعاء كوها |
|---|---|---|---|---|---|---|---|---|---|---|---|---|---|
| مكتبة القاهرة الكبرى | مكتبة القاهرة الكبرى | ق الرئيسية_الأداب_ك عربى | 08/04/2022 | 811.009962 / ع خ | 168159 | 08/04/2022 | 08/04/2022 | كتاب | |||||
| مكتبة القاهرة الكبرى | مكتبة القاهرة الكبرى | ق الرئيسية_الأداب_ك عربى | 08/04/2022 | 811.009962 / ع خ | 168160 | 08/04/2022 | 08/04/2022 | كتاب |

